<?xml version="1.0" encoding="UTF-8"?>
<resp>
  <nextPage>https://data.bn.org.pl/api/networks/bibs.marcxml?marc=001+b0000600001164&amp;sinceId=600001165</nextPage>
  <collection>
    <record xmlns='http://www.loc.gov/MARC21/slim'><leader>01225ncm a2200397 i 4500</leader><controlfield tag='001'>b0000600001164</controlfield><controlfield tag='005'>20250410041845.3</controlfield><controlfield tag='008'>210415s2003    pl crz         nn   zxx  </controlfield><controlfield tag='009'>9912835470905606</controlfield><datafield ind1=' ' ind2=' ' tag='020'><subfield code='a'>8322415125</subfield></datafield><datafield ind1=' ' ind2=' ' tag='035'><subfield code='a'>PAR_2PAR_2_14103-48omnis_par</subfield></datafield><datafield ind1=' ' ind2=' ' tag='035'><subfield code='a'>PAR_2_14103</subfield></datafield><datafield ind1=' ' ind2=' ' tag='035'><subfield code='a'>(PL-WaBN)b10141285-48omnis_nlop</subfield></datafield><datafield ind1=' ' ind2=' ' tag='035'><subfield code='a'>(PL)b0000600001164</subfield></datafield><datafield ind1=' ' ind2=' ' tag='040'><subfield code='a'>WA N</subfield><subfield code='c'>WA N</subfield></datafield><datafield ind1='1' ind2=' ' tag='100'><subfield code='d'>(1889-1951)</subfield></datafield><datafield ind1='1' ind2='0' tag='245'><subfield code='a'>Kolędy dla dzieci</subfield><subfield code='c'>red. Maria Szarf., il. Dorota i Marek Szal.</subfield></datafield><datafield ind1=' ' ind2=' ' tag='260'><subfield code='a'>Poznań:</subfield><subfield code='b'>Wydawnictwo Podsiedlik-Raniowski i Spółka,</subfield><subfield code='c'>[ cop. 2003]</subfield></datafield><datafield ind1=' ' ind2=' ' tag='300'><subfield code='a'>27, [1] s. ;</subfield><subfield code='c'>28 cm.</subfield></datafield><datafield ind1=' ' ind2=' ' tag='380'><subfield code='a'>Nuty</subfield></datafield><datafield ind1='1' ind2=' ' tag='388'><subfield code='a'>1901-2000</subfield></datafield><datafield ind1=' ' ind2=' ' tag='500'><subfield code='a'>Melodie i teksty.</subfield></datafield><datafield ind1=' ' ind2='7' tag='655'><subfield code='a'>Kolędy i pastorałki</subfield><subfield code='2'>DBN</subfield></datafield><datafield ind1=' ' ind2='7' tag='655'><subfield code='a'>Muzyka na fortepian</subfield><subfield code='x'>aranżacja</subfield><subfield code='2'>DBN</subfield></datafield><datafield ind1='2' ind2=' ' tag='710'><subfield code='4'>pbl</subfield></datafield><datafield ind1=' ' ind2=' ' tag='852'><subfield code='b'>48OMNIS_NETWORK</subfield><subfield code='8'>9912835470905606</subfield></datafield><datafield ind1=' ' ind2=' ' tag='852'><subfield code='b'>48OMNIS_PAR</subfield><subfield code='8'>991000011629707912</subfield></datafield><datafield ind1=' ' ind2=' ' tag='852'><subfield code='8'>224451610007912</subfield><subfield code='j'>1</subfield><subfield code='b'>PAR_2_1</subfield><subfield code='p'>301000242392</subfield><subfield code='c'>GBP</subfield></datafield><datafield ind1=' ' ind2=' ' tag='852'><subfield code='8'>224451610007912</subfield><subfield code='j'>1</subfield><subfield code='b'>PAR_2_1</subfield><subfield code='p'>301000242408</subfield><subfield code='c'>GBP</subfield></datafield><datafield ind1=' ' ind2=' ' tag='920'><subfield code='a'>9788373414990</subfield></datafield></record>
  </collection>
</resp>
